| 000 | 00884nam a2200229 i 4500 | ||
|---|---|---|---|
| 001 | 186786 | ||
| 003 | ES-MaACL | ||
| 005 | 20231212144040.0 | ||
| 008 | 170215s2016 cl aco |||| |aspa d | ||
| 020 | _a978-956-362-343-7 | ||
| 080 | _a929 Guillermo Bown F. | ||
| 100 | 1 |
_aBown F., Guillermo ( _d1942-) _9161735 |
|
| 245 | 1 | 0 |
_aVivencias vienesas _b: memorias de exilio y otras. _pLibro I / _cGuillermo Bown F. |
| 250 | _a1ª ed. en castellano. | ||
| 260 |
_aViena ; _aSantiago [de Chile] : _b[G. Bown F.], _c2016. |
||
| 300 |
_a182 p. : _bil. col. y n., retr. ; _c24 cm. |
||
| 600 | 1 | 4 |
_aBown F., Guillermo ( _d1942-) _9161735 |
| 852 |
_aES-MaACL _jA-14030 _9193843 _bR.151353 _cDEPO1 _dOlim: N-7030 _gDedicatoria autógrafa del autor _hDonación: Guillermo Bown F. |
||
| 903 |
_9161735 _aBown F., Guillermo ( _d1942-) _ednr |
||
| 942 |
_2udc _cMONOGRAFIA |
||
| 999 |
_c186786 _d186786 |
||